01830nam a22003137a 4500003000400000005001700004007000300021008004100024040002500065041000800090082002300098100003700121245014000158260003000298300001900328500007300347500003200420504004000452505002000492505025400512505030000766505023801066505002001304505002001324505001201344942001401356952012901370999001701499OSt20210114092558.0ta210114e2008 dr ||||| |||| 001 0desp d aDO-SdBNPbspacBNPHU hspa aBNPHU- xxxxbM394h aMasalles , Victor,d1961.97768510aHacia una espiritualidad de encarnación e inserción :bimplicaciones para el presbiterado en América Latina /cVíctor Masalles. aSanto Domingo :bAAc2008 a128 pg.c21 cm aIncluye datos biográficos del autor en parte posterior de la tapa. aIncluye siglas de téminos aIncluye bibliografía, pg. 121-1261 aIntroducción.1 a1. Una visión de fe en los documentos del magisterio latiinoamericano.t1.1. una iglesia regional en camino a la madurez. 1.2. una iglesia madura que analiza y se pronuncia. 1.3. desafíos pastorales que se desprenden de los documentos del CELAM.1 a2. Modelo de vida cristiana que se desprende de los documentos del magisterio de A.I.t2.1. Jesús de Nazaret: clave última de interpretación. 2.2. La iglesia : prolongación de la misión de Jesús. 2.3. Modelo de vida cristiana que se desprende de los documentos del magisterio de A.I.1 a3. Rasgos e implicaciones para una espiritualidad presbiteral en América Latino.t3.1. El presbítero en la misión de la iglesia en A.I. 3.2. Triple función del Sacerdote. 3.3. Hacia un concepto de santidad presbiteral en A.I.1 aConclusión. 1 aBibliografía.1 aSiglas. 2ddccLBS1 00102ddc718PDaBNPHUbPDcHDd2020-10-30eDepósito legall0oBNPHU- xxxx M394hp2021-0091r2021-01-14w2021-01-14yLFPD c49325d49325